| 000 | 00464nam a2200169Ia 4500 | ||
|---|---|---|---|
| 008 | 220204s9999 xx 000 0 und d | ||
| 082 |
_a58/581 _bPAT |
||
| 100 | _aPatnaik, Naveen | ||
| 245 | 0 | _aGarden of life: An introduction to the healing plants of India | |
| 260 |
_aLondon _bAquarian _c1993 |
||
| 650 | _aAromatic plants | ||
| 650 | _aCosmetic plants | ||
| 650 | _aCulinary plants | ||
| 650 | _aMedicinal plants | ||
| 650 | _aSacred plants | ||
| 942 | _cBK | ||
| 999 |
_c40781 _d40781 |
||